01388cam a22003615a 45000010008000000030009000080050017000170080041000340200015000750200018000900400038001080820020001461000053001662450119002192500042003382500023003802640044004033000040004473360026004873370028005133380027005415040052005686500051006206500062006716510010007336530022007436550024007657000037007899060045008269420012008719990017008839520126009002544388EG-ScBUE20220901131136.0950803r20121995enka f b 001 0 eng d a0500278199 a9780500278192 aDLCbengerdacDLCdDLCdEG-ScBUE04a712.09222bJEL1 aJellicoe, Geoffrey, Alan,d1900-eauthor.93970714aThe landscape of man :bshaping the environment from prehistory to the present day /cGeoffrey and Susan Jellicoe. aThird edition,bexpanded and updated. aReprinted edition. 1aLondon :bThames and Hudson Ltd,c2012. a408 pages :billustrations ;c29 cm 2rdacontentatextbtxt 2rdamediaaunmediatedbn 2rdacarrieravolumebnc aIncludes bibliographical references and index.  7aLandscape architecturexHistory.2BUEsh939708 7aNaturexEffect of human beings onxHistory.2BUEsh939709 2BUEsh bENGARCcMarch2016 vReading book9342321 aJellicoe, Susan,eauthor.939707 a7bcbccorignewd2eopcnf19gy-gencatlg 2ddccBB c21538d21510 00102ddc40708BaccahaMAINbMAINc2NDd2016-03-29ePurchaseg200.00l0o712.09 JELp000032210r2025-07-15 00:00:00yBB